000 00337nam a2200145Ia 4500
008 100122s9999 xx 000 0 und d
082 _b48858
_a823
100 _aHELM ERIC
245 _aSOLDIERS MEDAL
260 _bA GOLD EAGLE BOOK
_c1987
300 _a219
630 _aSOLDIERS MEDAL
730 _aSOLDIERS MEDAL
942 _cBOOK
999 _c374813
_d374810